Ocho recursos para vivir sano y feliz (Record no. 106674)

MARC details
000 -LEADER
campo de control de longitud fija 00472nam a2200181 4500
001 - NÚMERO DE CONTROL
campo de control 7350
005 - FECHA Y HORA DE LA ÚLTIMA TRANSACCIÓN
campo de control 20230411085731.0
008 - DATOS DE LONGITUD FIJA--INFORMACIÓN GENERAL
campo de control de longitud fija 060907n1989 dr spa
020 ## - NÚMERO INTERNACIONAL ESTÁNDAR DEL LIBRO
Número Internacional Estándar del Libro 0816399360
035 ## - NÚMERO DE CONTROL DEL SISTEMA
-- funglode7414
041 ## - CÓDIGO DE IDIOMA
Código de lengua del texto/banda sonora o título independiente ES
050 14 - SIGNATURA TOPOGRÁFICA DE LA BIBLIOTECA DEL CONGRESO
Número de clasificación RA776J77o1989
100 ## - ENTRADA PRINCIPAL--NOMBRE DE PERSONA
Nombre de persona Jones, Lucie H.
245 1# - MENCIÓN DEL TÍTULO
Título Ocho recursos para vivir sano y feliz
260 ## - PUBLICACIÓN, DISTRIBUCIÓN, ETC.
Lugar de publicación, distribución, etc. Florida :
Nombre del editor, distribuidor, etc. Asociación Publicadora Interamericana,
Fecha de publicación, distribución, etc. 1989
300 ## - DESCRIPCIÓN FÍSICA
Extensión 75 p.
942 ## - ELEMENTOS DE ENTRADA SECUNDARIOS (KOHA)
Fuente del sistema de clasificación o colocación Clasificación de Library of Congress
Tipo de ítem Koha
Holdings
Estatus retirado Estado de pérdida Fuente del sistema de clasificación o colocación Estado de daño No para préstamo Colección Biblioteca de origen Biblioteca actual Ubicación en estantería Fecha de adquisición Signatura topográfica completa Código de barras Visto por última vez Copia número Tipo de ítem Koha
    Clasificación de Library of Congress     Automatización y Procesos Técnicos Biblioteca Juan Bosch Biblioteca Juan Bosch Automatización y Procesos Técnicos (1er. Piso) 17/02/2019 RA776J77o1989 00000004934 17/02/2019 1